Statistics for Largest Automobile Companies

Click here to take the quiz!

General Stats

  • This quiz has been taken 361 times
  • The average score is 13 of 20

Answer Stats

HeadquartersCompany% Correct
JapanToyota
95%
USAFord
93%
GermanyBMW
89%
GermanyDaimler
89%
GermanyVolkswagen
87%
JapanHonda
85%
South KoreaHyundai
84%
JapanNissan
77%
SwedenVolvo
74%
South KoreaKia
72%
USAGMC
71%
FranceRenault
66%
FrancePeugeot
60%
UK*Fiat-Chrysler
55%
JapanMazda
50%
IndiaTata
47%
JapanSuzuki
46%
ChinaSAIC
6%
ChinaDongfeng
5%
ChinaFAW
4%

Score Distribution

Percentile by Number Answered

Percent of People with Each Score

Your Score History

You have not taken this quiz